00434nam a2200181Ia 4500003000400000005001700004008004100021020001800062040000700080041000800087082001500095100004300110245002900153250000700182260003400189300001600223365001300239OSt20230327113610.0210423s2007 xx 000 0 und d a9788120330900 cAL aeng a658.4 ROBS aROBBINS (Stephen P);JUDGE (Timothy A). aOrganizational behavior. a13 aNew DelhibOxford & IBHc2007 axxv,759bPB b450cINR